Fondovaja birža.

Rozdiel medzi burzou a aukciou. Prvotný a druhotný trh cenných papierov. Členovia burzy: fyzické osoby a právne osoby (univerzálne komerčné banky, špecializované burzové firmy). Zainteresovanosť burzy na úplných informáciách o činnosti akciových spoločností, ktorých cenné papiere sa kótujú.

Gespeichert in:
Bibliographische Detailangaben
1. Verfasser: Musatov, V.
Format: Buchkapitel
Sprache:Russisch
Schlagworte:
Tags: Tag hinzufügen
Keine Tags, Fügen Sie das erste Tag hinzu!

MARC

LEADER 00000naa a2200000 4500
001 r005389
005 20221208123246.1
041 0 |a rus 
044 |a [SU] 
245 1 0 |a Fondovaja birža.  |c V. Musatov 
520 |a Rozdiel medzi burzou a aukciou. Prvotný a druhotný trh cenných papierov. Členovia burzy: fyzické osoby a právne osoby (univerzálne komerčné banky, špecializované burzové firmy). Zainteresovanosť burzy na úplných informáciách o činnosti akciových spoločností, ktorých cenné papiere sa kótujú. 
610 2 0 |a burzy 
610 2 0 |a papiere cenné 
610 2 0 |a aukcie 
610 2 0 |a spoločnosti akciové 
610 2 0 |a kurz burzový 
100 1 |a Musatov, V.